| 000 | 00000nam 2200000za 4500 |
| 001 | 9.688982 |
| 003 | CaOODSP |
| 005 | 20210624231702 |
| 007 | cr ||||||||||| |
| 008 | 150407s2006 onc|||||o f|0| 0 eng d |
| 020 | |a0-662-44476-0 |
| 040 | |aCaOODSP|beng |
| 043 | |an-cn--- |
| 086 | 1 |aEn81-5/1-2006E-PDF |
| 110 | 1 |aCanada. |bEnvironment Canada. |bEnvironmental Protection Service. |
| 245 | 10|aCanadian environmental sustainability indicators, 2006 |h[electronic resource] / |c[issued jointly by] Environment Canada, Statistics Canada, Santé Canada. |
| 260 | |aOttawa : |bEnvironment Canada, |c2006. |
| 300 | |a61 p. |bcolour figs., colour maps, graphs, references, tables, photographs. |
| 500 | |aAlso published annually by Statistics Canada, catalogue number (CS-251/2006E-PDF). |
| 520 | 3 |aThis annual report presents environmental indicators for water quality, air quality, and greenhouse gas emissions. The water quality indicator documents the distribution of water quality at selected sites across Canada. The air quality indicator reports national and regional trends in ground-level ozone, a key component of smog, and fine particulate matter (PM2.5). The greenhouse gas indicator describes the trend in emissions and the contribution to the trend by energy production, energy consumption and other factors. The socio-economic context provides links to economic performance and social progress. The indicators are intended to assist those in government responsible for developing policy and measuring performance, while also helping individual Canadians who want to know more about the trends in their environment. |
| 590 | |a07-16|b2007-04-20 |
| 690 | 07|aEnvironmental indicators|2gcpds |
| 710 | 2 |aHealth Canada. |
| 775 | 08|tIndicateurs canadiens de durabilité de l'environnement, 2006 / |w(CaOODSP)9.633402 |
| 776 | 0#|tCanadian environmental sustainability indicators, 2006 / |w(CaOODSP)9.650421 |
| 794 | |tCanadian environmental sustainability indicators, 2007 |w(CaOODSP)9.690267 |
| 856 | 40|ahttp://publications.gc.ca|qPDF|s757 KB|uhttps://publications.gc.ca/collections/Collection/EN81-5-1-2006E.pdf |